Entrevista sobre el Siglo XXI : al cuidado de Antonio Polito /
Guardado en:
| Autor Principal: | |
|---|---|
| Otros Autores: | , |
| Formato: | Libro |
| Idioma: | Spanish |
| Publicado: |
Barcelona :
Crítica,
2000
|
| Edición: | 2a. ed. |
| Materias: | |
| Etiquetas: |
Agregar Etiqueta
Sin Etiquetas, Sea el primero en etiquetar este registro!
|
| LEADER | 00618nam a22001935a 4500 | ||
|---|---|---|---|
| 001 | DER.der002115 | ||
| 008 | 180615s2000####ag#||||||||||||||#||spa|| | ||
| 005 | 20251216153844.0 | ||
| 245 | 1 | 0 | |a Entrevista sobre el Siglo XXI : |b al cuidado de Antonio Polito / |c Eric Hobsbawm , con prólogo de Josep Fontana, y Gonzalo Pontón. |
| 250 | |a 2a. ed. | ||
| 260 | |a Barcelona : |b Crítica, |c 2000 | ||
| 300 | |a 220 p. | ||
| 020 | |a 8484320510 | ||
| 100 | 1 | |a Hobsbawm, Eric | |
| 700 | 1 | |a Fontana, Josep, |e prol. | |
| 700 | 1 | |a Pontón, Gonzalo, |e trad. | |
| 653 | |a HISTORIA | ||
| 653 | |a SIGLO XX | ||
| 859 | |a DERECHO |b BIB. DERECHO |h 900 |i HOB |p 004232 | ||
